Model Predictive Control

Gespeichert in:
Bibliographische Detailangaben
Hauptverfasser: Camacho, Eduardo F. (Verfasst von), Bordons, Carlos (Verfasst von)
Format: Buch
Sprache:Englisch
Veröffentlicht: London : Springer Verlag, 1999
Schriftenreihe:Advanced Textbook in Control and Signal Processing
Tags: Tag hinzufügen
Keine Tags, Fügen Sie das erste Tag hinzu!

MARC

LEADER 00000nam a22000003a 4500
001 stu56124
005 20150617225657.4
008 010119s1999----uk------------------eng-d
020 |a 3-540-76241-8 
040 |a STU  |b slo 
041 0 |a eng 
044 |a uk 
080 |a 519.71  |7 stu_us_auth*stu8254 
100 1 |a Camacho, Eduardo F.  |4 aut 
245 1 |a Model Predictive Control 
260 |a London :  |b Springer Verlag,  |c 1999 
300 |a 280 s. Tab.,grafy,lit.,index 
700 1 |a Bordons, Carlos  |4 aut 
830 0 |a Advanced Textbook in Control and Signal Processing 
996 |b C96494  |c C*96494  |l CCXVI  |s P  |a 0  |w stu56124_0001